000 00677nam a2200205 4500
001 114142
003 ES-MaACL
007 t|
008 061121s1984 sp r ||||1| spa d
100 1 _aPalomeque López, Manuel Carlos.
_988687
245 1 0 _aDerecho del trabajo e ideología
_b: medio siglo de formación ideológica del Derecho español del trabajo, 1873-1923 /
_cManuel Carlos Palomeque López.
250 _a2ª ed., rev.
260 _aMadrid :
_bAkal,
_c1984.
300 _a172 p. ;
_c22 cm.
490 1 _aAkal universitaria
500 _aAp. documental.
830 0 _aAkal universitaria
_9177901
852 _aES-MaACL
_jL-9099
_bR.110719
999 _c114142
_d114142